1069 1071 1462 1493 1959 1824 1659 1366 1756 1981 1850 1042 1057 1278 1836 1961 1625 1915 1842 1559 1822 1122 1980 1463 1364 1484 1273 1531 1074 1897 1680 1815 1890 1392 1136 1532 1332 1438 1143 1046 1346 1721 1058 1950 1061 1042 1704 1045 1587 1325 1388 1681 1512 1031 1021 1163 1609 1987 1137 1799 1783 1941 1700 1080 1424 1010 1263 1531 1811 1431 1640 1200 1479 1916 1122 1815 1557 1392 1741 1543 1879 1977 1244 1916 1069 1889 1941 1959 1274 1035 1589 1302 1605 1402 1166 1511 1498 1186 1994 BCNSPRNW ULIB Ver.6.0+V

เปลี่ยนเป็นภาษาไทย

Change to English
 แสดงรายละเอียดบรรณานุกรม
  กลับหน้าหลัก

Brief Record : Get Marc (ISO 2709) : E-mail record : QR code < ปิดหน้าต่าง
LEADER : 00000nam 2200000uu 4500
001    13399124033
003     ULIB
008    150105s2556||||th 000 0 tha d
020    ^a9789746522618
060  4 ^aQS604^bก768ว
100 0  ^aเกล็ดแก้ว ด่านวิวัฒน์
245 10 ^aวิทยาเอ็มบริโอ =^bEmbryology /^cเกล็ดแก้ว ด่านวิวัฒน์
246 31 ^aEmbryology
250    ^aฉบับปรับปรุง
260    ^aกรุงเทพฯ :^bไอกรุ๊ปเพรส,^c2556
300    ^av, 139 หน้า :^bภาพประกอบ ;^c26 ซม.
650  2 ^aEmbryology, Human
650  4 ^aคัพภวิทยา (มนุษย์)
945    ^p250^l0^i037800
945    ^p250^l0^i037801
945    ^p250^l0^i037802
945    ^p250^l0^i037803
945    ^p250^l0^i037804
999    ^aเกษร โพธิ์สุวรรณ
รายการนี้ยังไม่มีแท็ก
คุณยังไม่ได้ล็อกอิน คุณสามารถมีกิจกรรมร่วมกับเว็บไซต์ได้ แต่ต้องล็อกอินก่อน ::
  ล็อกอิน

รายการสื่อสารสนเทศ

ลำดับที่ ประเภท เลขเรียก/บาร์โค้ด สถานที่ สถานะ
1. วิทยาศาสตร์การแพทย์ และสุขภาพ
หนังสือสำรอง
สถานะ=หนังสือสำรอง
QS604 ก768ว ฉ.1 
  Barcode: 037800
ห้องสมุดวิทยาเขตสวรรค์ประชารักษ์
►ส่วนจัดเก็บหนังสือเก่า สปร
บนชั้น
  ขอยืม
2. วิทยาศาสตร์การแพทย์ และสุขภาพ
วิทยาศาสตร์การแพทย์ และสุขภาพ
QS604 ก768ว ฉ.2 
  Barcode: 037801
ห้องสมุดวิทยาเขตสวรรค์ประชารักษ์
►ส่วนจัดเก็บหนังสือเก่า สปร
บนชั้น
  ขอยืม
3. วิทยาศาสตร์การแพทย์ และสุขภาพ
วิทยาศาสตร์การแพทย์ และสุขภาพ
QS604 ก768ว ฉ.3 
  Barcode: 037802
ห้องสมุดวิทยาเขตสวรรค์ประชารักษ์
►ส่วนจัดเก็บหนังสือเก่า สปร
บนชั้น
  ขอยืม
4. วิทยาศาสตร์การแพทย์ และสุขภาพ
วิทยาศาสตร์การแพทย์ และสุขภาพ
QS604 ก768ว ฉ.4 
  Barcode: 037803
ห้องสมุดวิทยาเขตสวรรค์ประชารักษ์
►ส่วนจัดเก็บหนังสือเก่า สปร
บนชั้น
  ขอยืม
5. วิทยาศาสตร์การแพทย์ และสุขภาพ
วิทยาศาสตร์การแพทย์ และสุขภาพ
QS604 ก768ว ฉ.5 
  Barcode: 037804
ห้องสมุดวิทยาเขตสวรรค์ประชารักษ์
►ส่วนจัดเก็บหนังสือเก่า สปร
บนชั้น
  ขอยืม

รายการใกล้เคียง
    ผู้แต่ง [เกล็ดแก้ว ด่านวิวัฒน์]

BibComment


ยังไม่เคยถูกคอมเมนท์

คอมเมนท์ทรัพยากรรายการนี้
  คอมเมนท์: วิทยาเอ็มบริโอ ..


 Copyright 2026. Bcnsprnw @Library